|
|
|
|
| LEADER |
01280nam a2200313 a 4500 |
| 001 |
1291331 |
| 008 |
100222s1977 njua b 001 0 eng d |
| 010 |
|
|
|a 76052614
|
| 020 |
|
|
|a 0140220011
|
| 020 |
|
|
|a 0916672077
|
| 020 |
|
|
|a 0916672085 (pbk.)
|
| 040 |
|
|
|a DLC
|c DLC
|d DLC
|d BD-DhAAL
|
| 082 |
0 |
0 |
|a 338.1/9/1724
|
| 999 |
|
|
|c 7920
|d 7920
|
| 999 |
|
|
|c 7920
|
| 100 |
1 |
|
|a George, Susan.
|9 16265
|
| 245 |
1 |
0 |
|a How the other half dies :
|b the real reasons for world hunger /
|c by Susan George.
|
| 260 |
|
|
|a Montclair, N.J. :
|b Allanheld, Osmun,
|c 1977
|
| 300 |
|
|
|a xix, 308 p. :
|b ill. ;
|c 21 cm.
|
| 504 |
|
|
|a Includes bibliographical references and index.
|
| 541 |
1 |
|
|e 00004529
|
| 650 |
|
0 |
|a Food supply.
|9 11475
|
| 650 |
|
0 |
|a Starvation.
|9 15037
|
| 650 |
|
0 |
|a Agricultural industries.
|9 16266
|
| 650 |
|
0 |
|a Food consumption
|z Developing countries.
|9 16267
|
| 852 |
4 |
|
|a Ayesha Abed Library
|j General shelf
|
| 942 |
|
|
|2 ddc
|c BK
|
| 952 |
|
|
|0 0
|1 0
|2 ddc
|4 0
|6 338_191724000000000_GEO_1977
|7 0
|9 8886
|a BRACUL
|b BRACUL
|c GEN
|d 2010-03-30
|g 0.00
|l 0
|o 338.191724 GEO
|p 3010004529
|r 2010-03-30
|t 1
|w 2010-03-30
|y BK
|z Not price in Register
|
| 952 |
|
|
|0 0
|1 0
|2 ddc
|4 0
|6 338_100000000000000_9_1724_GEO
|7 0
|9 56892
|a SCL
|b SCL
|c GEN
|d 2015-11-17
|e Gift:
|l 0
|o 338.191724 GEO
|p 3020007803
|r 2015-11-17
|t 1
|w 2015-11-17
|y BK
|